| 000 | 00515nam a2200169 u 4500 | ||
|---|---|---|---|
| 001 | 000590218 | ||
| 003 | AM-YeHGA | ||
| 005 | 20250617141533.0 | ||
| 008 | 080708s2000 ||| r 000 0 rus d | ||
| 040 | _aAM-YeHGA | ||
| 041 | 0 | _arus | |
| 245 | 0 | 0 |
_aРосток : _bКультура в буднях пибалтийского города. |
| 260 |
_aДрезден : _bЦайт им Бильд, _c/Б.г./. |
||
| 300 |
_a96 с. : _bил. |
||
| 653 | 0 | _aРосток - Путеводители | |
| 090 | _c242088 | ||
| 999 |
_c240512 _d240512 |
||